000
00256nam a22000977a 4500
008
230706b |||||||| |||| 00| 0 eng d
020
_a
9781612622569
100
_a
Isayama Hajime
_9
7688
245
_a
Attack of the Undead-7
260
_a
Tokyo
_b
kodansha Ltd
_c
2010
999
_c
12339
_d
12339